000 00665nam a2200217 i 4500
001 146098
003 ES-MaACL
005 20250323063044.0
007 t|
008 070731s1979 sp ||||1| spa d
020 _a84-320-7122-6
100 1 _aTorrente Ballester, Gonzalo,
_d1910-1999
_9110850
245 1 4 _aLas sombras recobradas
_b: relatos /
_cGonzalo Torrente Ballester.
250 _a1ª ed.
260 _aBarcelona :
_bPlaneta,
_c1979.
300 _a342 p. :
_bil. ;
_c21 cm.
490 1 _aColección Narrativa ;
_v22
830 0 _aColección Narrativa ;
_v22
_9180828
852 _aES-MaACL
_jL-10095
_bR.107338
999 _c146098
_d146098